The way of all flesh

Bewaard in:
Bibliografische gegevens
Hoofdauteur: Butler, Samuel, 1835-1902
Coauteur: ebrary, Inc
Formaat: Elektronisch E-boek
Taal:Engels
Gepubliceerd in: Blacksburg, VA : Virginia Tech, 2001.
Onderwerpen:
Online toegang:An electronic book accessible through the World Wide Web; click to view
Tags: Voeg label toe
Geen labels, Wees de eerste die dit record labelt!

MARC

LEADER 00000nam a2200000Ia 4500
001 0000061957
005 20171002053014.0
006 m u
007 cr cn|||||||||
008 080921s2001 vau s 000 0 eng d
035 |a (CaPaEBR)ebr5000548 
035 |a (OCoLC)680629134 
040 |a CaPaEBR  |c CaPaEBR 
050 1 4 |a PR4349.B7  |b W3 2001eb 
100 1 |a Butler, Samuel,  |d 1835-1902. 
245 1 4 |a The way of all flesh  |h [electronic resource] /  |c by Samuel Butler. 
260 |a Blacksburg, VA :  |b Virginia Tech,  |c 2001. 
300 |a 262 p. 
533 |a Electronic reproduction.  |b Palo Alto, Calif. :  |c ebrary,  |d 2010.  |n Available via World Wide Web.  |n Access may be limited to ebrary affiliated libraries. 
600 1 0 |a Butler, Samuel,  |d 1835-1902. 
650 0 |a English literature. 
655 7 |a Electronic books.  |2 local 
710 2 |a ebrary, Inc. 
856 4 0 |u http://site.ebrary.com/lib/daystar/Doc?id=5000548  |z An electronic book accessible through the World Wide Web; click to view 
908 |a 170314 
942 0 0 |c EB 
999 |c 51115  |d 51115